00238nam a22000617a 4500008004100000100001700041245011800058170706b xxu||||| |||| 00| 0 eng d aKemei Salome aThe impact of micro finance on women empowerment in Uasin Gishu county, a case study of Illula Women Organization